MARC
| LEADER | 00000cam a2200000 7i4500 | ||
|---|---|---|---|
| 001 | 0000005021 | ||
| 005 | 20111222.0 | ||
| 040 | |a INS | ||
| 090 | 0 | 0 | |a VCD 432 |
| 245 | 1 | 0 | |a Timangku sayang : |b Panduan pengurusan dan pemakanan bayi [ |h cakera video] |
| 260 | |a Kuala Lumpur : |b LPPKN , |c 1989 | ||
| 300 | |a 1 cakera video (1:15 min.) : |b by., wrn. ; |c 4 3/4 in. | ||
| 500 | |a Juga terdapat dalam format vhs : VHS 177 | ||
| 650 | 0 | |a Parenting | |
| 999 | |a VCD0000432 |b VIDEO CD |c Media Collection |e Default branch | ||